| 000 | 00407cam a22001457a 4500 | ||
|---|---|---|---|
| 008 | 180718b1995 xxu||||| |||| 00| 0 eng d | ||
| 020 | _a8122406904 | ||
| 082 | _aT42x54 M119 | ||
| 100 | _aMachiraju, H.R. | ||
| 245 |
_aMerchant banking: principles and practice _cby H.R. Machiraju |
||
| 260 |
_aNew Delhi _bNew Age _c1995 |
||
| 300 | _a352p. | ||
| 650 | _aBanks and Banking - India | ||
| 650 | _aBanks -India | ||
| 999 |
_c378486 _d378486 |
||